000 00760nam a22002897a 4500
001 BR2020000865
003 BR-BrBNA
005 20230928105606.0
007 ta
008 230509b bl.||||| |||| 00| 0 por d
040 _aBR-BrBNA
_bpor
_cBiblioteca Nacional de Agricultura
041 _a(Por)
072 _aF60
090 _ F60 BR2020000865 OBR
100 1 _aLofgren, A.
100 1 _aEverett, H.L.
245 1 _aAnalysis de plantas
260 3 _aSão Paulo, SP (Brasil):
_bTypographia e Papelaria de Vanorden C,
_c!905.
300 _a396 p.
500 _aOBRA RARA
650 _aBOTÂNICA
650 _aTAXONOMIA VEGETAL
650 _aESTRUTURA VEGETAL
650 _aSÃO PAULO
909 _a202309
_bLucia
_c55
_dLucia Elande
942 _cBK
999 _c85781
_d85781